[Event "Wch U20 Blitz"]
[Site "Pula"]
[Date "2023.10.14"]
[Round "1"]
[White "Roose, Casimir"]
[Black "Fecker, Noah"]
[Result "0-1"]
[WhiteElo "1776"]
[BlackElo "2396"]
[PlyCount "58"]
[EventDate "2023.10.14"]
[EventType "swiss (blitz)"]
[EventRounds "11"]
[EventCountry "ITA"]
[SourceTitle "Mega2024 Update 01"]
[Source "Chessbase"]
[SourceDate "2023.11.12"]
[SourceVersion "1"]
[SourceVersionDate "2023.11.12"]
[SourceQuality "1"]

1. d4 d5 2. e3 c5 3. c3 Nf6 4. Bd3 Nc6 5. f4 Bg4 6. Nf3 e6 7. 0-0 Be7 8. Nbd2 Qc7 9. Qe1 Bf5 10. Qe2 0-0 11. Ne5 Rac8 12. Kh1 Rfe8 13. Rg1 Bf8 14. g4 Bxd3 15. Qxd3 Nd7 16. Rg3 f6 17. Nxd7 Qxd7 18. Nf3 e5 19. fxe5 fxe5 20. Qf5 Rc7 21. Ng5 Qxf5 22. gxf5 exd4 23. Ne6 Rf7 24. exd4 Rxf5 25. Nxf8 Re1+ 26. Kg2 Rxf8 27. Bh6 Rxa1 28. Rxg7+ Kh8 29. Rxb7 Rb8 0-1

[Event "Wch U20 Rapid"]
[Site "Pula"]
[Date "2023.10.10"]
[Round "3"]
[White "Roose, Casimir"]
[Black "Pitzeri, Daniel Michele"]
[Result "1-0"]
[WhiteElo "1776"]
[BlackElo "1173"]
[PlyCount "117"]
[EventDate "2023.10.10"]
[EventType "swiss (rapid)"]
[EventRounds "11"]
[EventCountry "ITA"]
[SourceTitle "Mega2024 Update 01"]
[Source "Chessbase"]
[SourceDate "2023.11.12"]
[SourceVersion "1"]
[SourceVersionDate "2023.11.12"]
[SourceQuality "1"]

1. c4 Nf6 2. Nc3 g6 3. h4 Bg7 4. Nd5 Nxd5 5. cxd5 d6 6. h5 gxh5 7. Rxh5 Nd7 8. Qb3 Nf6 9. Rh1 b6 10. d3 Bb7 11. e4 Qd7 12. Nf3 0-0-0 13. Be3 Rhe8 14. Rc1 Kb8 15. Nd4 e6 16. Nc6+ Bxc6 17. dxc6 Qc8 18. a4 Qa6 19. d4 Qc8 20. f3 Ka8 21. Bg5 Rh8 22. e5 dxe5 23. dxe5 Nd5 24. Bxd8 Qxd8 25. Bc4 Bxe5 26. Bxd5 Bg3+ 27. Kf1 exd5 28. Rd1 Re8 29. Rh3 Qd6 30. Qd3 Be5 31. Qxd5 Qxd5 32. Rxd5 Bxb2 33. Rxh7 Rf8 34. Rxf7 Rc8 35. Rxc7 Kb8 36. Rxc8+ Kxc8 37. Rd7 a5 38. Rb7 Bd4 39. Ke2 Bc5 40. Kd3 Bf2 41. Kc4 Bc5 42. Kb5 Bd4 43. Rxb6 Bxb6 44. Kxb6 Kb8 45. g4 Kc8 46. c7 Kd7 47. Kb7 Kd6 48. c8Q Kd5 49. Qc6+ Kd4 50. Kb6 Ke5 51. Qe4+ Kd6 52. f4 Kd7 53. Qc6+ Ke7 54. Kc5 Kd8 55. g5 Ke7 56. g6 Kd8 57. Qb7 Ke8 58. Kd6 Kf8 59. Qf7# 1-0